241212 - Quiz quotidien du 12 décembre 2024 - Statistiques

Statistiques générales
  • Ce quiz a été pris 45 fois
  • Le résultat moyen est 7 sur 10
Statistiques - réponses
Question Réponse % Correct
Vous lancez une pièce normale 3 fois. Chaque fois, elle tombe sur face. Quelles sont les chances que le prochain lancer tombe aussi sur face ? 1/2
100%
Qui a eu l'idée du cheval de Troie ? Ulysse (Odysseus)
100%
À qui attribue-t-on la création du tableau périodique ? Dmitri Mendeleïev
83%
Quel personnage de *South Park* est mort des dizaines de fois ? Kenny
83%
Quel est le nom du calendrier introduit en 1582 et utilisé dans la majeure partie du monde aujourd'hui ? Calendrier grégorien
67%
Quelle génération a atteint l'âge adulte autour de la Première Guerre mondiale, avec des membres notables comme Ernest Hemingway et F. Scott Fitzgerald ? La génération perdue
67%
Combien de touches y a-t-il sur un piano classique ? 88
50%
Quelle mer borde la ville de Sotchi ? Mer Noire
50%
Quel a été le plus grand empire contigu de l'histoire ? Empire mongol
33%
La plupart des amplis vont jusqu'à 10. Quel film mettait en vedette un guitariste qui utilisait un ampli qui allait jusqu'à 11 ? *This is Spinal Tap*
33%
Aucun quiz correspondant
Distribution des résultats
% des personnes avec chaque résultat
Percentile par nombre de réponses
Votre historique - résultats
Vous n’avez pas pris ce quiz